Movie Pictures Starting with L - Statistics

General Stats
  • This quiz has been taken 101 times
  • The average score is 13 of 28
Answer Stats
Picture Answer % Correct
Lion King
97%
The Lego Movie
95%
The Lord of the Rings
87%
La La Land
82%
Life of Pi
79%
Legally Blonde
71%
Little Women
67%
Lawrence of Arabia
64%
Lucy
59%
Labyrinth
52%
Love Actually
52%
Les Miserables
48%
Logan
47%
The Lego Batman Movie
46%
Lara Croft Tomb Raider
45%
Lethal Weapon
45%
Leon The Professional
42%
Life of Brian
41%
Lady Bird
36%
The Lost Boys
31%
Last Night in Soho
18%
Last Holiday
14%
Love and Monsters
14%
The Lost City
14%
Lisa Frankenstein
11%
Late Night With the Devil
8%
A Life Less Ordinary
7%
The Loved Ones
3%
No matching quizzes found
Score Distribution
Percent of People with Each Score
Percentile by Number Answered
Your Score History
You have not taken this quiz